Národný program výchovy a vzdelávania

Z obsahu: Úspech reforiem v školstve závisí od financií, legislatívy a vôle uskutočniť ich. Učiteľ by mal patriť do slušnej strednej vrstvy. Národný program umožní rodičom ovplyvňovať kvalitu školy. Múdrosť je v tom, aby človek kvalitne žil. K projektu Milénium dostali autori vyše 700 pripomienok, k...

Descripción completa

Guardado en:
Detalles Bibliográficos
Autor principal: Reiselová, Eva
Formato: Capítulo de libro
Lenguaje:eslovaco
Materias:
Etiquetas: Agregar Etiqueta
Sin Etiquetas, Sea el primero en etiquetar este registro!

MARC

LEADER 00000naa a2200000 4500
001 r041132
005 20230921111023.8
041 0 |a slo 
044 |a SK 
245 1 0 |a Národný program výchovy a vzdelávania  |c Eva Reiselová 
520 |a Z obsahu: Úspech reforiem v školstve závisí od financií, legislatívy a vôle uskutočniť ich. Učiteľ by mal patriť do slušnej strednej vrstvy. Národný program umožní rodičom ovplyvňovať kvalitu školy. Múdrosť je v tom, aby človek kvalitne žil. K projektu Milénium dostali autori vyše 700 pripomienok, k národnému programu ďalšie stále prichádzajú. 
610 2 0 |a výchova 
610 2 0 |a vzdelávanie 
610 2 0 |a reformy školské 
610 2 0 |a učitelia 
610 2 0 |a kvalita 
610 2 0 |a Slovensko 
610 2 0 |a Národný program výchovy a vzdelávania 
100 1 |a Reiselová, Eva